00485nam a2200193Ia 4500020002600000082001600026245002600042260002800068300001200096504001900108650002100127650002000148650001400168650002100182650001900203650002000222650002100242700002800263 a5.17651000500522E+018 a307.76 COS- 0aCosmopolitan urbanism aLondonbRoutledgec2006 axi, 259 aincludes index aSociology, urban aCosmopolitanism aDwellings aEthnic relations aRace relations aUrban geography aSpatial behavior aJon Binnie ... [et al.]